Economies of scale and scope: a cost analysis of municipal solid waste services (Record no. 51131)

000 -LEADER
fixed length control field 00419pab a2200157 454500
008 - FIXED-LENGTH DATA ELEMENTS--GENERAL INFORMATION
fixed length control field 180718b2001 xxu||||| |||| 00| 0 eng d
100 ## - MAIN ENTRY--PERSONAL NAME
Personal name Callan, Scott J
245 ## - TITLE STATEMENT
Title Economies of scale and scope: a cost analysis of municipal solid waste services
260 ## - PUBLICATION, DISTRIBUTION, ETC.
Date of publication, distribution, etc. 2001
300 ## - PHYSICAL DESCRIPTION
Extent p.548-60
362 ## - DATES OF PUBLICATION AND/OR SEQUENTIAL DESIGNATION
Dates of publication and/or sequential designation Nov
650 ## - SUBJECT ADDED ENTRY--TOPICAL TERM
Topical term or geographic name entry element Waste treatment
700 ## - ADDED ENTRY--PERSONAL NAME
Personal name Thomas, Janet M.
773 ## - HOST ITEM ENTRY
Main entry heading Land Economics
909 ## -
-- 51131
Holdings
Withdrawn status Lost status Damaged status Not for loan Permanent Location Current Location Date acquired Serial Enumeration / chronology Barcode Date last seen Price effective from Koha item type
        Indian Institute of Public Administration Indian Institute of Public Administration 2018-07-19 Volume no: 77, Issue no: 4 AR51559 2018-07-19 2018-07-19 Articles

Powered by Koha